<The> Importance of the method of income inequality measure in the relation to fiscal policy – case of V4 countries and Austria
Palmov index ako nový spôsob merania príjmovej nerovnosti; jeho definícia. Porovnanie Palmovho indexu s Giniho koeficientom (ako dominantnej metódy) podľa vývoja úrovne fiškálnej decentralizácie v krajinách V4 a Rakúsku na základe údajov z obdobia 1995-2014.
Gespeichert in:
| 1. Verfasser: | |
|---|---|
| Weitere Verfasser: | |
| Format: | Buchkapitel |
| Sprache: | Englisch |
| Schlagworte: | |
| Tags: |
Keine Tags, Fügen Sie das erste Tag hinzu!
|
MARC
| LEADER | 00000nla a2200000 4500 | ||
|---|---|---|---|
| 001 | 0238662 | ||
| 005 | 20240502083638.7 | ||
| 041 | 0 | |a eng | |
| 044 | |a CZ | ||
| 245 | 1 | 0 | |a <The> Importance of the method of income inequality measure in the relation to fiscal policy – case of V4 countries and Austria |c Erika Neubauerová, Michaela Tomčiková |
| 520 | |a Palmov index ako nový spôsob merania príjmovej nerovnosti; jeho definícia. Porovnanie Palmovho indexu s Giniho koeficientom (ako dominantnej metódy) podľa vývoja úrovne fiškálnej decentralizácie v krajinách V4 a Rakúsku na základe údajov z obdobia 1995-2014. | ||
| 610 | 2 | 0 | |a politika fiškálna |
| 610 | 2 | 0 | |a decentralizácia fiškálna |
| 610 | 2 | 0 | |a nerovnosť príjmová |
| 610 | 2 | 0 | |a indexy |
| 610 | 2 | 0 | |a Rakúsko |
| 610 | 2 | 0 | |a Vyšehradská štvorka |
| 610 | 2 | 0 | |a Česko |
| 610 | 2 | 0 | |a Slovensko |
| 610 | 2 | 0 | |a Maďarsko |
| 610 | 2 | 0 | |a Poľsko |
| 610 | 2 | 0 | |a OECD |
| 100 | 1 | |a Neubauerová, Erika, 1968- | |
| 700 | 1 | |a Tomčiková, Michaela | |